[Event "It"]
[Site "Sisak CRO"]
[Date "2008.12.01"]
[Round "4"]
[White "Tibensky,R"]
[Black "Vuga,J"]
[Result "1-0"]
[WhiteElo "2391"]
[BlackElo "2246"]

1.d4 Nf6 2.c4 g6 3.Nf3 Bg7 4.g3 O-O 5.Bg2 d6 6.O-O Nc6 7.d5 Na5 8.Qa4 c5
9.Bd2 b6 10.Bc3 Bd7 11.Qc2 Bf5 12.Qc1 a6 13.Nbd2 b5 14.b3 b4 15.Bb2 Qd7 16.a3 bxa3
17.Rxa3 Nb7 18.Qa1 a5 19.e4 Bg4 20.e5 Ne8 21.Re1 Nc7 22.h3 Bxf3 23.Nxf3 a4
24.e6 Bxb2 25.Qxb2 fxe6 26.dxe6 Nxe6 27.h4 Ng7 28.Ng5 Rae8 29.bxa4 Na5 30.Qd2 Qc7
31.Bd5+ Kh8 32.Nf7+ Rxf7 33.Bxf7 Rf8 34.Bd5 Nf5 35.Rf3 Rf6 36.g4 Ng7 37.Rxf6 exf6
38.Qf4 Qd8 39.Re3 Ne8 40.Rxe8+  1-0

[Event "It"]
[Site "Sisak CRO"]
[Date "2008.12.06"]
[Round "9"]
[White "Tibensky,R"]
[Black "Brigljevic,M"]
[Result "1-0"]
[WhiteElo "2391"]
[BlackElo "2296"]

1.d4 Nf6 2.Nf3 d6 3.c4 g6 4.g3 Bg7 5.Bg2 O-O 6.O-O c5 7.Nc3 Nc6 8.d5 Na5
9.Nd2 e5 10.a3 b6 11.e4 Ng4 12.b4 Nb7 13.Nf3 Bd7 14.Bd2 a6 15.h3 Nf6 16.Kh2 Qc7
17.Re1 cxb4 18.axb4 a5 19.Rb1 axb4 20.Rxb4 Nc5 21.Qb1 Ra6 22.Bf1 Nh5 23.Qd1 Ra3
24.Be2 Nd3 25.Bxd3 Qc5 26.Qe2 Qxb4 27.Nb5 Qb3 28.Nxa3 Qxa3 29.Rb1 f5 30.Bb4 Qa7
31.Bxd6 fxe4 32.Bxe4 Rf6 33.Bxe5 Rxf3 34.Bxf3 Bxe5 35.Qxe5 Qa2 36.Rb2 Qxc4
37.Bxh5  1-0

[Event "ch-RUS w Superfinal"]
[Site "Moscow RUS"]
[Date "2008.12.09"]
[Round "5"]
[White "Romanko,M"]
[Black "Bodnaruk,A"]
[Result "1/2-1/2"]
[WhiteElo "2398"]
[BlackElo "2381"]

1.d4 Nf6 2.Nf3 g6 3.g3 Bg7 4.Bg2 O-O 5.c4 d6 6.O-O Nc6 7.Nc3 a6 8.e3 Rb8
9.Qe2 b5 10.Rd1 b4 11.Nd5 Bd7 12.h3 Ne8 13.e4 e6 14.Ne3 e5 15.dxe5 dxe5 16.Nd5 Nd4
17.Nxd4 exd4 18.a3 b3 19.Bf4 g5 20.Bd2 c6 21.Nb4 c5 22.Nd5 Nd6 23.Rac1 Re8
24.Re1 h6 25.Qh5 Re5 26.Qd1 f5 27.exf5 Nxf5 28.f4 Rxe1+ 29.Qxe1 Ne3 30.Nxe3 dxe3
31.Bxe3 Bxb2 32.Rd1 Qe7 33.Qd2 Bf6 34.fxg5 hxg5 35.Qxd7 Qxe3+ 36.Kh2 Rd8
37.Bd5+ Kh8 38.Qg4 Kg7 39.Rf1 b2 40.Qf5 Qe2+ 41.Kh1 Qe5 42.Qd3 Re8 43.Qf3 Qc3
44.Qf5 Qe5 45.Qf3 Re7 46.h4 Qc3 47.Qf5 Re1 48.Be4 Rxf1+ 49.Qxf1 Qxg3 50.Qf5 Qxh4+
51.Kg2 Qh5 52.Bd3 Qf7 53.Kh3 Qh5+ 54.Kg2 Qe8 55.Qxc5 Qa8+ 56.Kg1 Qd8 57.Qf5 Bd4+
58.Kg2 Qf6 59.Qd7+ Kf8 60.Qc8+ Ke7 61.Qc7+ Ke8 62.Qc8+ Kf7 63.Qd7+ Kf8 64.Qc8+  1/2-1/2

[Event "III Open"]
[Site "Palma de Mallorca ESP"]
[Date "2008.12.10"]
[Round "5"]
[White "Kveinys,A"]
[Black "Mellado Trivino,J"]
[Result "1/2-1/2"]
[WhiteElo "2533"]
[BlackElo "2434"]

1.d4 Nf6 2.Nf3 g6 3.c4 Bg7 4.g3 O-O 5.Bg2 d6 6.O-O c6 7.Nc3 Qa5 8.e4 Bg4
9.h3 Bxf3 10.Bxf3 Nbd7 11.Rb1 c5 12.dxc5 Qxc5 13.b3 Ne5 14.Bg2 a6 15.Qe2 Nc6
16.Be3 Qa5 17.Nd5 Nxd5 18.exd5 Ne5 19.b4 Qa4 20.f4 Nd7 21.c5 Nf6 22.Rfc1 a5
23.Qc2 axb4 24.Qxa4 Rxa4 25.c6 Rb8 26.Bb6 Ne8 27.c7 Rc8 28.Bf1 Nf6 29.Bb5 Rxa2
30.Rd1 Rc2 31.Rxb4 R8xc7 32.Bxc7 Rxc7 33.Be2 Nd7  1/2-1/2

[Event "III Open"]
[Site "Palma de Mallorca ESP"]
[Date "2008.12.12"]
[Round "7"]
[White "Barcelo Pujadas,P"]
[Black "Djuric,S"]
[Result "0-1"]
[WhiteElo "2269"]
[BlackElo "2463"]

1.Nf3 g6 2.g3 Bg7 3.d4 Nf6 4.Bg2 O-O 5.c4 d6 6.O-O Nc6 7.d5 Na5 8.Nfd2 c6
9.Nc3 cxd5 10.cxd5 Bd7 11.Nb3 Nc4 12.Nd4 Qa5 13.Nb3 Qb4 14.a3 Qb6 15.Ra2 Rfc8
16.Nd2 Na5 17.Nf3 Ng4 18.h3 Ne5 19.Nd2 h5 20.Kh2 Rc7 21.f4 Nec4 22.Nxc4 Nxc4
23.Rf3 Rac8 24.e4 Bf6 25.Ne2 Bxb2 26.Bxb2 Nxb2 27.Qb3 Qxb3 28.Rxb3 Nc4 29.Nd4 Ba4
30.Rb4 Nb6 31.Bf1 Rc1 32.Be2 Bd1 33.Kg2 Bxe2 34.Nxe2 R1c2 35.Rbb2 R2c4 36.Kf3 Ra4
37.Rb3 Rc5 38.Rd2 Nc4 39.Rdd3 b6 40.Nd4 Kf8 41.Nb5 Na5 42.Nc3 Rac4  0-1

[Event "Masters"]
[Site "Berkeley USA"]
[Date "2008.12.19"]
[Round "6"]
[White "Kustar,S"]
[Black "Zenyuk,I"]
[Result "0-1"]
[WhiteElo "2356"]
[BlackElo "2237"]

1.Nf3 Nf6 2.c4 g6 3.g3 Bg7 4.Bg2 d6 5.d4 O-O 6.O-O Nc6 7.Nc3 a6 8.h3 Rb8
9.e4 b5 10.cxb5 axb5 11.Re1 b4 12.Nd5 Nd7 13.Bg5 h6 14.Be3 e6 15.Nf4 Na5
16.Rc1 b3 17.axb3 c5 18.dxc5 Nxc5 19.Bxc5 dxc5 20.Rxc5 Nxb3 21.Rc2 Qb6 22.Bf1 Rd8
23.Qe2 Bb7 24.Qe3 Nd4 25.Nxd4 Bxd4 26.Qf3 e5 27.Ne2 Bxe4 28.Qxe4 Bxf2+ 29.Kh1 Bxe1
30.Rc6 Qf2 31.Bg2 Bb4 32.Kh2 Rd2 33.Rxg6+ fxg6 34.Qxg6+ Kf8 35.Nf4 exf4 36.Qf6+ Ke8
37.Qe5+ Kd7 38.Qf5+ Kd6 39.Qf6+ Kd7 40.Qf7+ Be7 41.Qf5+ Kd8 42.Qa5+ Rb6 43.Qa8+ Kc7
44.Qa7+ Kd6  0-1

[Event "8th Amplico AIG Life Rapid"]
[Site "Warsaw POL"]
[Date "2008.12.20"]
[Round "3"]
[White "Malaniuk,V"]
[Black "Szczepkowska Horowska,K"]
[Result "1-0"]
[WhiteElo "2534"]
[BlackElo "2273"]

1.d4 d6 2.Nf3 Nf6 3.c4 g6 4.g3 Bg7 5.Bg2 O-O 6.O-O Bg4 7.h3 Bxf3 8.exf3 Nc6
9.d5 Na5 10.Qc2 c5 11.Na3 a6 12.Rd1 Rb8 13.Bf1 Nd7 14.f4 Nf6 15.Rb1 b6 16.Be3 Qd7
17.Bd2 Nb7 18.Bc3 Nd8 19.Qd3 Nh5 20.Re1 e6 21.Nc2 b5 22.Bxg7 Nxg7 23.b4 Qc7
24.bxc5 bxc4 25.Qxc4 Rxb1 26.Rxb1 exd5 27.Qxd5 dxc5 28.Bxa6 Nde6 29.Bc4 Nf5
30.Qe5 Ra8 31.Qxc7 Nxc7 32.Ne3 Nd6 33.Bb3 Ncb5 34.Rc1 Rc8 35.Kg2 Kf8 36.a4 Nd4
37.Bd5 Ke7 38.a5 N6b5 39.a6 Na7 40.Bb7 Rd8 41.Rxc5 Ndb5 42.f5 Rd2 43.fxg6 hxg6
44.h4 Nd6 45.Bf3 Kd8 46.Nc4 Nxc4 47.Rxc4 Ra2 48.Bb7 Nb5 49.g4 Nd6 50.Rb4 Ke7
51.h5 gxh5 52.gxh5 Nf5 53.Rb6 f6 54.Be4 Nd6 55.Rxd6 Kxd6 56.h6 Rxa6 57.h7 Ra4
58.h8=Q Rxe4 59.Qxf6+  1-0

[Event "8th Amplico AIG Life Rapid"]
[Site "Warsaw POL"]
[Date "2008.12.21"]
[Round "10"]
[White "Kveinys,A"]
[Black "Kopczynski,M"]
[Result "1-0"]
[WhiteElo "2533"]
[BlackElo "2239"]

1.d4 Nf6 2.c4 g6 3.Nf3 Bg7 4.g3 O-O 5.Bg2 d6 6.O-O Nc6 7.Nc3 e5 8.d5 Ne7
9.e4 Ne8 10.Ne1 f5 11.Nd3 c5 12.dxc6 bxc6 13.Qe2 fxe4 14.Nxe4 d5 15.cxd5 cxd5
16.Nc3 e4 17.Nf4 Nf6 18.Rd1 Qa5 19.Be3 Kh8 20.Bd4 Bg4 21.f3 exf3 22.Bxf3 Bxf3
23.Qxf3 Nf5 24.Bf2 d4 25.Nce2 Ne3 26.Bxe3 dxe3 27.Ne6 Rfe8 28.Nxg7 Kxg7 29.Rd6 Qe5
30.Rad1 Rac8 31.b3 Rc2 32.Ra6 Re7 33.Rf1 Rf7 34.a4 g5 35.b4 g4 36.Qf4 Qxf4
37.Nxf4 Ne4 38.Re6 Nd2 39.Nh5+ Kf8 40.Rxf7+ Kxf7 41.Rxe3 Nf3+ 42.Kf1 Rxh2
43.Nf4 Rh1+ 44.Ke2 Re1+ 45.Kd3 Ra1 46.a5 Ra3+ 47.Ke2 Nd4+ 48.Kf2 Rxe3 49.Kxe3 Nc2+
50.Kd3 Nxb4+ 51.Kc4 Nc6 52.Kb5 Nb8 53.Kc5 Kf6 54.Kd6 Na6 55.Kc6 Nb4+ 56.Kb5 Nc2
57.Ka6 Nb4+ 58.Kxa7 Nc6+ 59.Kb6 Nxa5 60.Kxa5 Kg5 61.Kb4 h5 62.Ng2 Kf5 63.Kc4 Ke4
64.Nh4 Ke3 65.Kd5 Kf2 66.Nf5 Kg2 67.Ke4 Kh3 68.Kf4 Kh2 69.Kg5  1-0

[Event "8th Amplico AIG Life Rapid"]
[Site "Warsaw POL"]
[Date "2008.12.21"]
[Round "11"]
[White "Tahirov,F"]
[Black "Jaroch,P"]
[Result "1-0"]
[WhiteElo "2452"]
[BlackElo "2233"]

1.d4 Nf6 2.Nf3 g6 3.c4 Bg7 4.g3 O-O 5.Bg2 d6 6.O-O Nbd7 7.Nc3 e5 8.Qc2 c6
9.Rd1 Qe7 10.b3 exd4 11.Nxd4 a5 12.e4 Nc5 13.f3 Nfd7 14.Nde2 Rd8 15.h3 Nf6
16.Be3 Ne8 17.Qd2 Be6 18.Nd4 Bd7 19.Rac1 Nc7 20.Qf2 Be8 21.Nde2 b6 22.Rd2 N7e6
23.Rcd1 Rab8 24.f4 f5 25.exf5 gxf5 26.g4 Bf8 27.Ng3 Ng7 28.Bd4 Bd7 29.Re1 Qf7
30.g5 Re8 31.Rxe8 Rxe8 32.Bf3 Qe7 33.Bf6 Qe1+ 34.Qxe1 Rxe1+ 35.Kf2 Re8 36.Bd4 Nge6
37.Nh5 Be7 38.Bf6 Bf8 39.Rd1 Rc8 40.Ne2 Be8 41.Nhg3 Bd7 42.h4 b5 43.cxb5 cxb5
44.Bd5 Kf7 45.Nxf5 Kg6 46.Nfg3 Ng7 47.Bf3  1-0

[Event "1st Asian Clubs"]
[Site "Al Ain UAE"]
[Date "2008.12.26"]
[Round "2"]
[White "Khamdamov,S"]
[Black "Bakr,J"]
[Result "1-0"]
[WhiteElo "2219"]
[BlackElo "2338"]

1.d4 Nf6 2.c4 g6 3.g3 Bg7 4.Bg2 O-O 5.Nf3 d6 6.O-O Nbd7 7.Nc3 e5 8.b3 Re8
9.Qc2 c6 10.Rd1 Qa5 11.d5 cxd5 12.Nxd5 Nxd5 13.Rxd5 Nc5 14.e4 f5 15.Be3 Be6
16.Rxd6 Nxe4 17.Rdd1 Rac8 18.Rac1 b5 19.c5 b4 20.Ng5 Nxg5 21.Bxg5 Kh8 22.Bb7 Rb8
23.c6 Qc7 24.Qc5 f4 25.Qd6 Qf7 26.Ba6 Rf8 27.Rd2 Qf5 28.Be7 Rfe8 29.c7 Rbc8
30.Qd8 Qf7  1-0

[Event "Open"]
[Site "Pamplona ESP"]
[Date "2008.12.26"]
[Round "6"]
[White "Djingarova,E"]
[Black "Minaya,J"]
[Result "1/2-1/2"]
[WhiteElo "2352"]
[BlackElo "2196"]

1.d4 Nf6 2.c4 d6 3.Nf3 g6 4.g3 Bg7 5.Bg2 O-O 6.O-O Nbd7 7.Qc2 e5 8.Rd1 Qe7
9.Nc3 c6 10.e4 Ne8 11.b3 f5 12.exf5 gxf5 13.dxe5 dxe5 14.a4 a5 15.Ba3 Nc5
16.Rab1 e4 17.Nd4 Nc7 18.Nce2 Re8 19.Qd2 Qe5 20.Bxc5 Qxc5 21.Qf4 Qe5 22.Bh3 Rf8
23.Rd2 Na6 24.Qe3 Nc5 25.Nf4 Bd7 26.Rbd1 Rae8 27.Bf1 Bc8 28.Nh5 f4 29.Nxf4 Bh6
30.f3 Rxf4 31.gxf4 Bxf4 32.Rg2+ Kh8 33.Qc3 exf3 34.Qxf3 Be3+ 35.Kh1 Bxd4
36.Qf7 Bc3 37.Rg5 Qe6 38.Qxe6 Nxe6 39.Rg3 Bd4 40.Bh3 c5 41.Rf1 Ng7 42.Bxc8 Rxc8
43.Rf7 Rb8 44.Rgf3 Kg8 45.h4 h6 46.Kg2 Re8 47.Rxb7 Re2+ 48.Kf1 Rh2 49.Rf4 Nh5
50.Rg4+ Kf8 51.Rb6 Kf7 52.Rxh6 Nf6 53.Rgg6 Rb2 54.Rg3 Ne4 55.Rd3 Rh2 56.Rf3+ Ke7
57.Rh7+ Ke6 58.Rh6+ Ke7 59.Rh7+ Ke6  1/2-1/2

[Event "17th Donau Open"]
[Site "Aschach AUT"]
[Date "2008.12.27"]
[Round "2"]
[White "Binder,Mi"]
[Black "Neuman,P"]
[Result "0-1"]
[WhiteElo "2181"]
[BlackElo "2455"]

1.d4 Nf6 2.c4 g6 3.Nf3 Bg7 4.g3 O-O 5.Bg2 d6 6.Nc3 c6 7.O-O Qa5 8.e4 Bg4
9.h3 Bxf3 10.Bxf3 e5 11.d5 cxd5 12.cxd5 Nbd7 13.Bd2 Rfc8 14.h4 h5 15.Bg2 a6
16.Bh3 Qd8 17.Qe2 Rc7 18.Rfc1 Kh7 19.Rc2 Bh6 20.Be3 Bxe3 21.fxe3 Ng8 22.Rf1 Nh6
23.Rfc1 Nf6 24.Nd1 Rxc2 25.Qxc2 Qa5 26.Nf2 Qxa2 27.Qc7 Qxb2 28.Rf1 Ne8 29.Qe7 Qb6
30.g4 Qc7 31.Qxc7 Nxc7 32.g5 Ng8 33.Rc1 Ne8 34.Bd7 Kg7 35.Rb1 b5 36.Ra1 Nc7
37.Rc1 Ra7 38.Nd3 Nxd5 39.exd5 Rxd7 40.Ra1 Ra7 41.Nb4 Ne7 42.Ra5 e4 43.Nc6 Nxc6
44.dxc6 Kf8 45.c7 Rxc7 46.Rxa6 Ke7  0-1

[Event "17th Donau Open"]
[Site "Aschach AUT"]
[Date "2008.12.27"]
[Round "3"]
[White "Horvath,Jo1"]
[Black "Knoll,H"]
[Result "1-0"]
[WhiteElo "2542"]
[BlackElo "2371"]

1.Nf3 g6 2.d4 Nf6 3.c4 Bg7 4.g3 O-O 5.Bg2 d6 6.Nc3 Nbd7 7.O-O e5 8.e4 c6
9.h3 Qb6 10.Re1 Re8 11.d5 cxd5 12.cxd5 Nc5 13.Rb1 a5 14.Be3 Bd7 15.Nd2 Rec8
16.Bf1 Qd8 17.Nc4 Ra6 18.Nd2 Raa8 19.a4 Ne8 20.Nc4 f5 21.Kh2 Rab8 22.exf5 Bxf5
23.Rc1 b6 24.f4 e4 25.b3 Bxc3 26.Rxc3 h5 27.g4 hxg4 28.hxg4 Qh4+ 29.Bh3 Bd7
30.Rg1 b5 31.axb5 Rxb5 32.Qc2 Nd3 33.Rxd3 exd3 34.Qxd3 Qh7 35.f5 a4 36.bxa4 Rb4
37.Nb6 Rb8 38.fxg6 Qe7 39.a5 Qe5+ 40.Kh1 Rb2 41.Rg2 Rxg2 42.Kxg2 Qb2+ 43.Qd2 Qxd2+
44.Bxd2 Bb5 45.g5 Nc7 46.Bc3 Re8 47.Bg4 Re3 48.Bf6 Ra3 49.Nc8 Ra2+ 50.Kg3 Ra3+
51.Kh4 Ne8 52.Nxd6  1-0

[Event "Open"]
[Site "Pamplona ESP"]
[Date "2008.12.27"]
[Round "7"]
[White "Minaya,J"]
[Black "Vega Gutierrez,S"]
[Result "0-1"]
[WhiteElo "2196"]
[BlackElo "2278"]

1.Nf3 Nf6 2.c4 d6 3.d4 g6 4.g3 Bg7 5.Bg2 O-O 6.O-O Nc6 7.Nc3 a6 8.d5 Na5
9.Nd2 c5 10.Rb1 Bd7 11.b3 b5 12.Bb2 Rb8 13.Ba1 Qc8 14.Qc2 h5 15.Nd1 bxc4
16.bxc4 Rxb1 17.Qxb1 Qc7 18.e4 Rb8 19.Qc1 h4 20.Re1 hxg3 21.hxg3 Ng4 22.Bxg7 Kxg7
23.Qc3+ f6 24.f3 Nh6 25.Ne3 Nf7 26.f4 Nb7 27.Nf3 Nbd8 28.Nc2 Qb6 29.e5 Qb2
30.Qxb2 Rxb2 31.exf6+ exf6 32.Ne3 Rxa2 33.Rb1 a5 34.Rb8 a4 35.Ra8 Rb2 36.Ne1 f5
37.Bf3 Kf6 38.Bd1 Ra2 39.Ra7 Ke7 40.g4 Nh6 41.g5 Ng8 42.Bh5 gxh5 43.Nxf5+ Ke8
44.Nxd6+ Ke7 45.Nf5+ Ke8 46.Ng7+ Ke7 47.d6+ Kxd6 48.f5 a3 49.f6 Re2 50.Nf3 a2
51.Kf1 Rb2 52.Ne1 Bh3+ 53.Kg1 Rb1 54.Rxa2 Rxe1+ 55.Kh2 Bg4 56.Ra6+ Ke5 57.Ra8 Nxf6
58.Rxd8 Ne4 59.Rf8 Re2+ 60.Kg1 Nxg5  0-1

[Event "Christmas Master Open"]
[Site "Zurich SUI"]
[Date "2008.12.28"]
[Round "4"]
[White "Hera,I"]
[Black "Heimann,An"]
[Result "1-0"]
[WhiteElo "2530"]
[BlackElo "2428"]

1.d4 Nf6 2.Nf3 g6 3.g3 Bg7 4.Bg2 O-O 5.c4 d6 6.Nc3 Nc6 7.O-O a6 8.h3 Rb8
9.Qc2 b5 10.cxb5 axb5 11.e4 b4 12.Ne2 Na5 13.Be3 Ba6 14.Rfe1 Nc4 15.Bg5 Nd7
16.Rad1 h6 17.Bc1 c5 18.e5 cxd4 19.e6 d3 20.Qxd3 Nce5 21.Qxa6 Nc5 22.Qa7 Nxf3+
23.Bxf3 fxe6 24.Nf4 Rb5 25.Nxe6 Nxe6 26.Bd5 Rxd5 27.Rxd5 Qc8 28.Qe3 Ng5 29.Rxg5 hxg5
30.Qxe7 Qxh3 31.Qxd6 Qf5 32.Be3 Qe4 33.Bd2 Qf5 34.Qe6+ Kh7 35.Qxf5 Rxf5 36.Re4 Ra5
37.a3 Rd5 38.Bxb4 Bxb2 39.a4 Rd1+ 40.Kg2 Ra1 41.Be7 Kh6 42.Kf3 Kh5 43.Bf8 Ba3
44.Bg7 Rb1 45.g4+ Kh4 46.Re8 Rb3+ 47.Re3 Rb7 48.Rxa3 Rxg7 49.a5 Rf7+ 50.Ke3 Kxg4
51.Ra4+ Kh3 52.a6 Ra7 53.Ra2 g4 54.Kf4 Kh4 55.Ra3 g5+ 56.Ke4 g3 57.fxg3+ Kh3
58.Kd4 g4 59.Kc5 Kg2 60.Kb6 Ra8 61.a7 Rh8 62.Rc3 Rg8 63.Kb7 Rg7+ 64.Kb8  1-0

[Event "17th Donau Open"]
[Site "Aschach AUT"]
[Date "2008.12.31"]
[Round "7"]
[White "Horvath,Jo1"]
[Black "Hebesberger,T"]
[Result "1-0"]
[WhiteElo "2542"]
[BlackElo "2354"]

1.d4 d6 2.g3 g6 3.Bg2 Bg7 4.Nf3 Nf6 5.c4 O-O 6.Nc3 Nbd7 7.O-O e5 8.e4 exd4
9.Nxd4 Re8 10.h3 a5 11.Be3 a4 12.Qc2 Nc5 13.Rad1 c6 14.Nxc6 Qb6 15.Nd4 Bd7
16.Ndb5 Bxb5 17.Nxb5 Red8 18.b4 axb3 19.axb3  1-0

[Event "Masters"]
[Site "Hastings ENG"]
[Date "2008.12.31"]
[Round "4"]
[White "Houska,Jo"]
[Black "Rayner,F"]
[Result "1-0"]
[WhiteElo "2399"]
[BlackElo "2151"]

1.d4 Nf6 2.Nf3 g6 3.c4 Bg7 4.g3 O-O 5.Bg2 d6 6.O-O Nbd7 7.Nc3 e5 8.e3 Re8
9.b3 c6 10.a4 a6 11.Ra2 e4 12.Nd2 d5 13.cxd5 cxd5 14.f3 Bh6 15.fxe4 Bxe3+
16.Kh1 Bxd4 17.Nxd5 Nxd5 18.exd5 Nc5 19.Ne4 Rxe4 20.Bxe4 Bg7 21.Bg2 Bf5 22.Bb2 Bxb2
23.Rxb2 Rc8 24.Qd4 a5 25.h3 h5 26.Kh2 b6 27.Rf3 Qd6 28.Re3 Rd8 29.Rbe2 Bd7
30.Kh1 Rf8 31.g4 h4 32.g5 Be6 33.Qf6 Nd7 34.Rxe6 Qb4 35.R6e4 Nxf6 36.Rxb4 Nh5
37.Rbe4 Ng3+ 38.Kh2  1-0

[Event "14th Open"]
[Site "Bosnjaci CRO"]
[Date "2009.01.04"]
[Round "3"]
[White "Kuljasevic,D"]
[Black "Kruskic,M"]
[Result "1-0"]
[WhiteElo "2527"]
[BlackElo "2242"]

1.d4 Nf6 2.c4 g6 3.Nf3 Bg7 4.g3 O-O 5.Bg2 d6 6.Nc3 Nbd7 7.O-O a5 8.h3 c6
9.e4 e5 10.Be3 Re8 11.Re1 Qe7 12.Qc2 exd4 13.Nxd4 Nc5 14.Rad1 a4 15.b4 axb3
16.axb3 h6 17.b4 Ne6 18.Qc1 Kh7 19.f4 Qc7 20.Nde2 Nd7 21.Qc2 Nb6 22.Qb3 Nd8
23.c5 dxc5 24.bxc5 Nd7 25.e5 f6 26.Ne4 fxe5 27.Nd6 Rf8 28.Qc2 Nf6 29.fxe5 Nd5
30.Nf4 Ne7 31.Be4 Bf5 32.Bxf5 gxf5 33.Bf2 Kh8 34.e6 Qa5 35.Nc4 Bc3 36.Nxa5  1-0

[Event "Open A"]
[Site "Gjovik NOR"]
[Date "2009.01.04"]
[Round "6"]
[White "Gyldenas,O"]
[Black "Haug,M"]
[Result "1/2-1/2"]
[WhiteElo "2075"]
[BlackElo "1940"]

1.d4 Nf6 2.Nf3 g6 3.c4 Bg7 4.g3 O-O 5.Bg2 d6 6.O-O Nbd7 7.Nc3 e5 8.e4 c6
9.Rb1 Re8 10.b4 exd4 11.Nxd4 Nb6 12.Qd3 d5 13.cxd5 cxd5 14.Nb3 dxe4 15.Qxd8 Rxd8
16.Bg5 h6 17.Bxf6 Bxf6 18.Nxe4 Be7 19.Nec5 Nd5 20.a3 Rb8 21.Rbd1 Nc3 22.Rxd8+  1/2-1/2

[Event "Masters"]
[Site "Hastings ENG"]
[Date "2009.01.04"]
[Round "8"]
[White "Houska,Jo"]
[Black "Howell,D"]
[Result "0-1"]
[WhiteElo "2399"]
[BlackElo "2593"]

1.d4 Nf6 2.Nf3 g6 3.c4 Bg7 4.g3 O-O 5.Bg2 d6 6.O-O Nc6 7.Nc3 Rb8 8.b3 a6
9.Nd5 Nd7 10.Bb2 e6 11.Nc3 b5 12.d5 Na5 13.Nd4 Re8 14.Qd2 bxc4 15.Na4 e5
16.Nc6 Nxc6 17.dxc6 Nb6 18.Nxb6 Rxb6 19.bxc4 e4 20.Bxg7 Kxg7 21.Qc2 Bf5 22.f3 Rxc6
23.fxe4 Be6 24.Qb2+ Kg8 25.Qb7 Rb6 26.Qa7 Qb8 27.Qxb8 Rexb8 28.Rfc1 Rc6 29.e5 Rxc4
30.exd6 cxd6 31.Rxc4 Bxc4 32.e3 Rb2 33.a3 Rb3 34.Kf2 Kf8 35.g4 h6 36.h4 Ke7
37.h5 g5 38.Bf3 Be6 39.Bd1 Rb2+ 40.Kf3 Bd5+ 41.e4 Bb3 42.Be2 a5 43.Ke3 Be6
44.Bd1 Kf6 45.Kd4 Rg2 46.Bf3 Rg3 47.Rf1 Ke7 48.a4 Bd7 49.Be2 Ra3 50.Bb5 Bxg4
51.Rc1 Be6 52.Rc7+ Kf6 53.Rc6 g4 54.Rxd6 g3 55.e5+ Kf5 56.Rd8 Kf4 57.Bc6 Ra1
58.Kc5 Rc1+ 59.Kb6 Rxc6+ 60.Kxc6 g2 61.Rd1 Kxe5 62.Kc5 Bf5  0-1

[Event "Petrovskaya Ladya GM1"]
[Site "Peterhof RUS"]
[Date "2009.01.04"]
[Round "2"]
[White "Khuseinkhodzhaev,M"]
[Black "Rozum,I"]
[Result "1/2-1/2"]
[WhiteElo "2373"]
[BlackElo "2451"]

1.d4 Nf6 2.Nf3 g6 3.c4 Bg7 4.g3 O-O 5.Bg2 d6 6.O-O Nc6 7.Nc3 a6 8.Bf4 Nd7
9.Qd2 e5 10.Bg5 f6 11.Be3 Ne7 12.dxe5 dxe5 13.Rfd1 Nf5 14.Bh3 Nxe3 15.Be6+ Kh8
16.fxe3 Qe7 17.Bxd7 Rd8 18.Nd5 Qxd7 19.Nxc7 Rb8 20.Qd5 e4 21.Qxd7 Rxd7 22.Rxd7 Bxd7
23.Ne1 Rc8 24.Nd5 Bg4 25.b3 Bxe2 26.h3 b5 27.Rc1 bxc4 28.Kf2 Bd3 29.Nxd3 exd3
30.Rxc4 Rd8 31.Rd4 Rc8 32.Rxd3 f5 33.Kf3 Be5 34.Nb6 Rc2 35.Nc4 Bc3 36.a4 Be1
37.Kf4 Kg7 38.g4 Rf2+ 39.Ke5 fxg4 40.hxg4 h5 41.gxh5 gxh5 42.Nd6 Kg6 43.e4 h4
44.Nf5 Kg5 45.Ke6 Rf4 46.Nd6 Kg4 47.Rd1 Bf2 48.e5 h3 49.Kd5 h2 50.Rh1 Rd4+
51.Kc6 Bg3 52.Nc4 Re4 53.Kd7 Rd4+ 54.Kc6 Kh3 55.e6 Bh4 56.Ne3 Re4 57.Nf1 Rxe6+
58.Kd5 Re2 59.Rxh2+ Rxh2 60.Nxh2 Kxh2  1/2-1/2

[Event "Paul Keres Mem Prelim"]
[Site "Tallinn EST"]
[Date "2009.01.09"]
[Round "3"]
[White "Volodin,Alek"]
[Black "Paakkonen,T"]
[Result "1-0"]
[WhiteElo "2401"]
[BlackElo "2291"]

1.d4 Nf6 2.c4 g6 3.Nf3 Bg7 4.g3 O-O 5.Bg2 d6 6.O-O a6 7.Nc3 Nc6 8.h3 e5 9.Be3 Bf5
10.dxe5 dxe5 11.Qb3 Nd4 12.Bxd4 exd4 13.Rfd1 c5 14.e3 Qc8 15.exd4 Bxh3 16.d5 Bxg2
17.Kxg2 Rb8 18.Re1 Nh5 19.Re4 b5 20.cxb5 axb5 21.Nxb5 Nf6 22.Rh4 Nxd5 23.Qxd5 Rxb5
24.Rah1 h6 25.b3 Qa8 26.Qd7 Rb4 27.Rxh6 Bxh6 28.Qh3 Kg7 29.Qxh6+ Kf6 30.Qg5+ Kg7
31.Qxc5 Rbb8 32.Qe5+ f6 33.Qe3 g5 34.Qe7+ Rf7 35.Rh7+ Kxh7 36.Qxf7+ Kh6 37.Qxf6+ Kh7
38.Qf7+ Kh6 39.Qf6+ Kh7 40.Kg1 Qb7 41.Nxg5+ Kg8 42.Qe6+ Kg7 43.Qe5+ Kg6 44.Ne6 Kf7
45.Qf5+ Ke7 46.Nf4 Kd6 47.Qe6+ Kc5 48.Nd3+ Kb5 49.a4+ Ka5 50.Qe5+ Kb6 51.Qd4+ Kc7
52.Qe5+ Kb6 53.Qc5+ Ka6 54.b4 Rh8 55.Qa5+  1-0

[Event "Paul Keres Mem Men"]
[Site "Tallinn EST"]
[Date "2009.01.10"]
[Round "2"]
[White "Volodin,Alek"]
[Black "Sepp,O"]
[Result "1/2-1/2"]
[WhiteElo "2401"]
[BlackElo "2457"]

1.d4 Nf6 2.c4 g6 3.Nf3 Bg7 4.g3 O-O 5.Bg2 d6 6.O-O Nbd7 7.Qc2 e5 8.dxe5 dxe5
9.e4 c6 10.Rd1 Re8 11.h3 Bf8 12.Be3 Qe7 13.Nc3 Qe6 14.b3 Bb4 15.Na4 b5 16.Nb2 Ba3
17.Ng5 Qe7 18.Nd3 Bb7 19.Rab1 a5 20.Re1 Rec8 21.Rbd1 Nc5 22.Kh2 Kg7 23.Bxc5 Bxc5
24.f4 Bd6 25.fxe5 Bxe5 26.Nxe5 Qxe5 27.Nf3 Qc7 28.Qc3 b4 29.Qb2 Rd8 30.e5 Nh5
31.Rxd8 Rxd8 32.e6+ f6 33.Qf2 c5 34.Re3 Re8 35.Nh4 Bxg2 36.Qxg2 Qd6 37.Qd5 Qe7
38.Kg2 Rd8 39.Qxh5 gxh5 40.Nf5+ Kf8 41.Kf3 Rd2 42.Kf4 Rxa2 43.g4 hxg4 44.hxg4 Rg2
45.Ke4 Rd2 46.Rh3  1/2-1/2

[Event "TCh-HUN 2008-9"]
[Site "Kazincbarcika HUN"]
[Date "2009.01.11"]
[Round "5"]
[White "Dovzik,J"]
[Black "Toth,E"]
[Result "0-1"]
[WhiteElo "2374"]
[BlackElo "2401"]

1.d4 Nf6 2.Nf3 g6 3.c4 Bg7 4.g3 O-O 5.Bg2 d6 6.O-O Nbd7 7.Nc3 e5 8.e4 exd4
9.Nxd4 a6 10.h3 Rb8 11.a4 Re8 12.Re1 Nc5 13.Rb1 a5 14.b3 Nfd7 15.Be3 Ne5
16.Re2 Ne6 17.Rd2 Nxd4 18.Bxd4 Be6 19.c5 Nc6 20.Bxg7 Kxg7 21.Nb5 Qe7 22.cxd6 cxd6
23.Nxd6 Red8 24.f4 f6 25.Kh2 Rd7 26.f5 Rbd8 27.fxe6 Rxd6 28.Rd5 Nb4 29.Rc1 Nxd5
30.exd5 Rxe6 31.Qd2 Re2 32.Qxa5 Qe4 33.Qc7+ Kh6 34.Rg1 Rxd5 35.Qxb7 Qe5 36.b4 Rd3
37.Qc8 Rxg3  0-1

[Event "Australian Open"]
[Site "Manly Sydney AUS"]
[Date "2009.01.11"]
[Round "11"]
[White "Dunn,M"]
[Black "Lilly,R"]
[Result "1/2-1/2"]
[WhiteElo "1986"]
[BlackElo "1915"]

1.d4 Nf6 2.c4 g6 3.g3 Bg7 4.Bg2 d6 5.Nf3 O-O 6.Nc3 Nbd7 7.O-O Rb8 8.e4 e5
9.h3 exd4 10.Nxd4 Re8 11.Re1 Nc5 12.Rb1 Bd7 13.b4 Ne6 14.Be3 a6 15.a4 Nxd4
16.Bxd4 Nh5 17.Bxg7 Nxg7 18.Qd2 Be6 19.Nd5 c6 20.Ne3 Re7 21.Rbd1 Ne8 22.Qc3 Rd7
23.f4 f6 24.Kh2 Bf7 25.Rd2 Qe7 26.Rde2 Qf8 27.Rd2 Rbd8 28.Red1 Qe7 29.Bf3 h5
30.g4 hxg4 31.hxg4 Be6 32.Kg3 g5 33.f5 Bf7 34.a5 Ng7 35.Rh2 Be8 36.Rh6 Qe5+
37.Qxe5 dxe5 38.Rxd7 Rxd7 39.Rxf6 Rd3 40.Kf2 Rb3 41.Rd6 Bf7 42.Rd8+ Ne8 43.Be2 Rxb4
44.Rd7 Kg7  1/2-1/2

[Event "Open A"]
[Site "Prague CZE"]
[Date "2009.01.13"]
[Round "6"]
[White "Volodin,V"]
[Black "Bednar,Ma"]
[Result "1-0"]
[WhiteElo "2225"]
[BlackElo "2110"]

1.Nf3 Nf6 2.c4 g6 3.d4 Bg7 4.g3 O-O 5.Bg2 d6 6.O-O Nbd7 7.Nc3 c6 8.h3 e5
9.e4 Qb6 10.Re1 exd4 11.Nxd4 Ne8 12.Nb3 Ne5 13.Bf1 Be6 14.Be3 Qc7 15.Nd2 f5
16.f4 Nf7 17.Qc2 Nf6 18.Rad1 Rae8 19.Bf2 h5 20.Nf3 Nxe4 21.Nxe4 fxe4 22.Qxe4 Qd7
23.Qxg6 Nh8 24.Qxh5 Rf5 25.Ng5 Rf6 26.Rxd6 Bf7 27.Qh7+ Kf8 28.Rxd7 Rxe1 29.Bxe1 Rxf4
30.gxf4 Bd4+ 31.Rxd4 c5 32.Qxh8+ Ke7 33.Qd8+  1-0

[Event "Open A"]
[Site "Prague CZE"]
[Date "2009.01.13"]
[Round "6"]
[White "Grabarczyk,M"]
[Black "Vokac,M"]
[Result "1/2-1/2"]
[WhiteElo "2477"]
[BlackElo "2454"]

1.d4 Nf6 2.c4 g6 3.Nf3 Bg7 4.g3 O-O 5.Bg2 d6 6.Nc3 c6 7.O-O Bf5 8.b3 Ne4
9.Bb2 Nxc3 10.Bxc3 Be4 11.e3 d5 12.Qe2 a6 13.Rfc1 e6 14.Bf1 Bxf3 15.Qxf3 Nd7
16.Qe2 Re8 17.Bg2  1/2-1/2

[Event "6th ch-Mediterranean"]
[Site "Antalya TUR"]
[Date "2009.01.17"]
[Round "9"]
[White "Wirig,A"]
[Black "Erdogdu,M"]
[Result "1/2-1/2"]
[WhiteElo "2464"]
[BlackElo "2460"]

1.d4 Nf6 2.Nf3 g6 3.c4 Bg7 4.g3 O-O 5.Bg2 d6 6.Nc3 Nc6 7.O-O a6 8.Re1 e5
9.d5 Ne7 10.e4 Nd7 11.b4 h6 12.Nd2 f5 13.Nb3 f4 14.Qd3 g5 15.g4 Nf6 16.f3 Ng6
17.Nd1 Nh4 18.h3 h5 19.Nf2 Rf7 20.Bh1 Bf8 21.Kf1 c6 22.dxc6 bxc6 23.Bd2 Be6
24.Rac1 Qc7 25.Red1 Rh7 26.Ke2 hxg4 27.hxg4 Ng6 28.Rg1 Re8 29.Bg2 Rh2 30.Be1 Qa7
31.Kf1 Nh4 32.Rc2 Qe3 33.Bd2 Qa7 34.Be1 Bf7 35.Na5 Qa8 36.Nd1 d5 37.cxd5 cxd5
38.Bxh4 dxe4 39.fxe4 Rxh4 40.Bf3 Rd8 41.Qe2 Rc8 42.a3 Rh3 43.Rxc8 Qxc8 44.Kg2 Rg3+
45.Kh2 Rxg1 46.Kxg1 Bc5+ 47.bxc5 Qxc5+ 48.Kg2 Qxa5 49.Qd3 Be6 50.Nf2 Qb6
51.Qc3 Qd6 52.Be2 Kg7 53.Qb4 Qxb4 54.axb4 Bc8 55.Bf3 Bb7 56.Nd3 Nd7 57.Kf2 Bc6
58.Ke1 Kf6 59.Kd2 Ke7 60.Kc3 Kd6 61.Nf2 Nf6 62.Kd3 Bd7 63.Kc3 Bb5 64.Nh3 Nh7
65.Nf2 Nf8 66.Bd1 Ne6 67.Kd2 Ke7 68.Nh3 Bf1 69.Nf2 Nd4 70.Ke1 Bb5 71.Kd2 Bf1
72.Ke1 Bc4 73.Kd2 Nb5 74.Bf3 Nd6 75.Nh3 Kf6 76.Nf2 Bb5 77.Nd1 Nc4+ 78.Kc3 Ne3
79.Nf2 Bf1 80.Kd2 Ke6 81.Be2 Bxe2 82.Kxe2 Kd6 83.Nh3 Nxg4 84.Nxg5 Nf6 85.Nf7+ Ke6
86.Ng5+ Ke7 87.Kf3 Ne8 88.Ke2 Kf6 89.Nh7+ Ke7 90.Ng5 Nd6 91.Kd3 Kf6 92.Nh7+ Ke7
93.Ng5 Nf7 94.Nf3 Kd6 95.Kc4 Kc6 96.Kc3 Kb5 97.Kb3 Nd6 98.Nxe5 Nxe4 99.Nf3 Nf6
100.Nd4+ Kb6 101.Kc4 Ne4 102.Kd3 Ng5 103.Ne2 f3 104.Nc3 Kc6 105.Ke3 Kd6 106.b5 a5
107.Na4 Kd5 108.b6 Kc6 109.Kf2 Ne4+ 110.Kxf3 Nd6 111.Ke3 Kb5 112.Nb2 Kxb6
113.Kd4 Kb5 114.Kc3 Ne4+ 115.Kb3 Nc5+ 116.Ka3 a4 117.Nxa4 Nxa4  1/2-1/2